தகவல் தொடர்பாடல் தொழினுட்பவியல்: G.C.E.O/L past papers/
Saved in:
| Format: | Book |
|---|---|
| Language: | English Tamil |
| Published: |
கொழும்பு:
லோயல் பப்ளிகேஷன்,
|
| Subjects: | |
| Tags: |
Add Tag
No Tags, Be the first to tag this record!
|
MARC
| LEADER | 00000nam a22000007a 4500 | ||
|---|---|---|---|
| 005 | 20260409104613.0 | ||
| 008 | 260409b |||||||| |||| 00| 0 eng d | ||
| 020 | |a 9789557732794 | ||
| 041 | |a tam | ||
| 082 | |a 004 |b தகவ | ||
| 245 | |a தகவல் தொடர்பாடல் தொழினுட்பவியல்: |b G.C.E.O/L past papers/ | ||
| 260 | |a கொழும்பு: |b லோயல் பப்ளிகேஷன், | ||
| 300 | |a 170பக் |c 30cm | ||
| 500 | |a Purchase | ||
| 650 | |a தகவல் தொடர்பாடல் | ||
| 942 | |c REF | ||
| 999 | |c 71146 |d 71146 | ||